00596nam a2200193Ia 4500003000900000008004100009020001800050040001600068080001900084100002400103245004100127260003500168300001400203650001900217650002100236942000700257999001500264952012300279IN-BaIIA211028s9999 xx 000 0 eng d a0-12-174550-3 cIIA Library a535.215.2bCHU aChu, Benjamin98624 0aLaser light scatteringcBenjamin Chu aNew YorkbAcademic Pressc1974 axii,317p. a Lasers98231 aNASA Thesaurus  cBK c4837d4837 00104070aBANbBANcGENd1976-03-30g296.10l0o535.215.2/ CHUp5412r2021-11-05v296.10w1976-03-30yBKGRs. 296.10